Museo del Prado (Record no. 7634)

MARC details
000 -CABECERA
campo de control de longitud fija 00671nam a2200241 a 4500
001 - NÚMERO DE CONTROL
campo de control BRCA_7965
005 - FECHA Y HORA DE LA ÚLTIMA TRANSACCIÓN
campo de control 20190320210055.0
008 - DATOS DE LONGITUD FIJA--INFORMACIÓN GENERAL
campo de control de longitud fija 110314s--------sp-a###f##---#000-0#spa-#
041 ## - CÓDIGO DE LENGUA
Código de lengua del texto/banda sonora o título independiente spa
044 ## - CÓDIGO DEL PAÍS DE LA ENTIDAD EDITORA/PRODUCTORA
Código MARC del país sp
050 #4 - SIGNATURA TOPOGRÁFICA DE LA BIBLIOTECA DEL CONGRESO
Número de clasificación N3450
Número de documento/Ítem .S82
100 1# - ENTRADA PRINCIPAL--NOMBRE DE PERSONA
Nombre de persona Subias Galter, J.
9 (RLIN) 19747
245 10 - MENCIÓN DE TÍTULO
Título Museo del Prado
Mención de responsabilidad, etc. J. Subias Galter.
260 ## - PUBLICACIÓN, DISTRIBUCIÓN, ETC.
Lugar de publicación, distribución, etc. Barcelona
Nombre del editor, distribuidor, etc. Poligrafa
Fecha de publicación, distribución, etc. [196?]
300 ## - DESCRIPCIÓN FÍSICA
Extensión 155 p.
Otras características físicas il. a color
Dimensiones 23 cm.
500 ## - NOTA GENERAL
Nota general 3130
546 ## - NOTA DE LENGUA/LENGUAJE
Nota de lengua/lenguaje Texto en español, francés, inglés y alemán
610 24 - PUNTO DE ACCESO ADICIONAL DE MATERIA--NOMBRE DE ENTIDAD CORPORATIVA
Nombre de entidad corporativa o nombre de jurisdicción como elemento de entrada Museo del Prado
Subdivisión de forma Arte
Subdivisión geográfica Madrid
9 (RLIN) 19748
650 14 - PUNTO DE ACCESO ADICIONAL DE MATERIA--TÉRMINO DE MATERIA
Término de materia o nombre geográfico como elemento de entrada Galerías y museos
Subdivisión geográfica España
9 (RLIN) 7331
650 14 - PUNTO DE ACCESO ADICIONAL DE MATERIA--TÉRMINO DE MATERIA
Término de materia o nombre geográfico como elemento de entrada Arte
Subdivisión geográfica España
9 (RLIN) 2064
902 ## - CATALOGADOR
Iniciales GFM
942 ## - ELEMENTOS DE PUNTO DE ACCESO ADICIONAL (KOHA)
Fuente del sistema de clasificación o colocación Library of Congress Classification
Tipo de ítem Koha Libros
Holdings
Estado de retiro Estado de pérdida Estado dañado No para préstamo Localización permanente Ubicación/localización actual Fecha de adquisición Número de inventario Total de préstamos Signatura topográfica completa Código de barras Fecha visto por última vez Precio válido a partir de Tipo de ítem Koha
El ejemplar forma parte de la colección y puede ser consultado según las políticas vigentes.       Biblioteca del Museo Franz Mayer (Rogerio Casas-Alatriste) Biblioteca del Museo Franz Mayer (Rogerio Casas-Alatriste) 11/03/2014 3130   N3450 .S82 (3130) 8576 22/03/2019 22/03/2019 Libros